000 00448nam a2200193Ia 4500
003 0100
008 130307s9999 xx 000 0 und d
040 _cARRUPELIB
050 _aB377.K55 1965
100 _aKlein, Jacob
245 2 _aA commentary on Plato's meno
260 _aChapel Hill
260 _bThe University of North Carolina Press
260 _c1965
300 _a256p.
300 _b24cm.
650 _aPHILOSOPHY
942 0 0 _03
999 _c93271
_d93271